PHARMACY LAW AND ETHICS (Record no. 32480)

MARC details
000 -LEADER
fixed length control field 00335nam a22001457a 4500
003 - CONTROL NUMBER IDENTIFIER
control field SGT
020 ## - INTERNATIONAL STANDARD BOOK NUMBER
International Standard Book Number 935451615-7
082 ## - DEWEY DECIMAL CLASSIFICATION NUMBER
Classification number 344.041
Item number CHA
100 ## - MAIN ENTRY--PERSONAL NAME
Personal name CHANDAK, SHYAM
245 ## - TITLE STATEMENT
Title PHARMACY LAW AND ETHICS
260 ## - PUBLICATION, DISTRIBUTION, ETC. (IMPRINT)
Place of publication, distribution, etc INDIA
Name of publisher, distributor, etc NIRALI PRAKASHAN
Year of Publication 2022
300 ## - PAGE DESCRIPTION
No. of Pages 20.6
650 ## - SUBJECT ADDED ENTRY--TOPICAL TERM
Topical term or geographic name as entry element PHARMACY LAW AND ETHICS
942 ## - ADDED ENTRY ELEMENTS (KOHA)
Source of classification or shelving scheme Dewey Decimal Classification
Koha item type Books
Holdings
Withdrawn status Lost status Source of classification or shelving scheme Damaged status Not for loan Collection code Home library Current library Date acquired SGTU Total Checkouts Full call number Accession No. (Barcode) Date last seen Bill Date Koha item type
    Dewey Decimal Classification     SCIENCE SGT Science & Social Sciences Library SGT Science & Social Sciences Library 26/08/2025 SGTU   344.041 CHA DP154 26/08/2025 26/08/2025 Books